000 00631nam a22001817a 4500
005 20170802122735.0
010 _aENG-119512
020 _c350.00
_a9788184654967
035 _aEN-103044
037 _bDBAD/PUB
082 _a280.66
100 _aMichael S.M.
245 _aChristianity and culture :
_cby Thomas Varghese
_banthropological insights for Christian mission in India /
260 _aDelhi
_bThe Indian Society for Promoting Christian Knowlewdge(ISPCK))
_c2015
270 _a1585,1654 Madarsa Road Kashmere Gate
_bDelhi
_e110006
300 _axii,269p.
_c24cm(pbk)
942 _2ddc
_cEN
_mMIC
_h280.66
999 _c143054
_d143054